Music Quiz

Random Music or Broadway Quiz
Score 0/20 Timer 10:00
0 Plays Today
Hint Answer % Correct
Buenos Aires, ArgentinaEvita
91.1%
Baltimore, Maryland Hairspray
87.3%
Anatevka Fiddler on the Roof
70.9%
Gary, Indiana The Music Man
68.4%
Washington Heights, New YorkIn the Heights
58.2%
Kalokairi, GreeseMamma Mia!
55.7%
Florence, ItalyThe Light in the Piazza
51.9%
Sweet Apple, OhioBye, Bye Birdie
48.1%
Yonkers, New YorkHello, Dolly!
39.2%
Rainbow Valley, MissituckyFinian's Rainbow
31.6%
Hint Answer % Correct
BomontFootloose
22.8%
Allentown, Pennsylvania42nd Street
20.3%
New Rochelle, New YorkRagtime
20.3%
Deadrock, NevadaCrazy for You
12.7%
Marietta, GeorgiaParade
7.6%
MiraCarnival
6.3%
Atlantic City, New JerseySteel Pier
6.3%
Columbus, OhioWonderful Town
5.1%
Buffalo, New YorkThe Full Monty
5.1%
Heartsville, U.S.AZanna, Don't!
3.8%

You're not logged in!

Compare scores with friends on all Sporcle quizzes.
OR
Log In

Sporcle TV

Today on Sporcle TV


Watch our educational content, quiz creation guides, and fun videos on Sporcle TV.

Show Comments

Extras

Top Quizzes Today


Score Distribution

Paid Content

Your Account Isn't Verified!

In order to create a playlist on Sporcle, you need to verify the email address you used during registration. Go to your Sporcle Settings to finish the process.

Report this User

Report this user for behavior that violates our Community Guidelines.

Details: